[Event "66th ch-RUS HL w 2016"]
[Site "Kolomna RUS"]
[Date "2016.06.23"]
[Round "2.19"]
[White "Khazieva, Elza"]
[Black "Belenkaya, Dina"]
[Result "0-1"]
[WhiteTitle "WFM"]
[BlackTitle "WFM"]
[WhiteElo "2128"]
[BlackElo "2299"]
[WhiteFideId "4100166"]
[BlackFideId "24142654"]
[EventDate "2016.06.22"]

1. e4 c6 2. d4 d5 3. e5 c5 4. dxc5 Nc6 5. Bb5 e6 6. Be3 Ne7 7. c3 Bd7 8. Bxc6
Bxc6 9. Nf3 Nf5 10. Bd4 Nxd4 11. Qxd4 Qc7 12. b4 b6 13. cxb6 axb6 14. O-O Bb5
15. Re1 Be7 16. Qe3 Ra4 17. a3 O-O 18. Ra2 Bc4 19. Rd2 b5 20. Nd4 Ra6 21. f4 Qd7
22. Qg3 Bd8 23. Kh1 Bc7 24. Nf3 Kh8 25. h3 f6 26. Rb2 Bd3 27. Nfd2 Bg6 28. Nb3
Qc8 29. Nc5 Ra8 30. Nd2 Rxa3 31. Ndb3 fxe5 32. fxe5 Qe8 33. Qg4 Bf5 34. Qe2 Bd8
35. Nb7 Bh4 36. Rf1 Be7 37. Qe3 Qa8 38. N7a5 Bd8 39. Kh2 Bc7 40. g4 Be4 41.
Rxf8+ Qxf8 42. Qg3 Qf5 0-1

[Event "66th ch-RUS HL w 2016"]
[Site "Kolomna RUS"]
[Date "2016.06.23"]
[Round "2.20"]
[White "Shaydullina, Sandugach"]
[Black "Maltsevskaya, Aleksandra"]
[Result "0-1"]
[WhiteTitle "WGM"]
[WhiteElo "2110"]
[BlackElo "2285"]
[WhiteFideId "4140389"]
[BlackFideId "24174041"]
[EventDate "2016.06.22"]

1. d4 Nf6 2. Nf3 g6 3. c4 Bg7 4. g3 O-O 5. Bg2 d6 6. Nc3 Nbd7 7. O-O e5 8. h3
Re8 9. e4 exd4 10. Nxd4 Nc5 11. Re1 Bd7 12. Kh2 h5 13. Bg5 Ng4+ 14. Qxg4 hxg4
15. Bxd8 gxh3 16. Bh1 Raxd8 17. Ndb5 Bxb5 18. cxb5 Nd3 19. Re2 Nxb2 20. Rc1 Nd3
21. Rcc2 Nb4 22. Rc1 Re5 23. a3 Nd3 24. Rd1 Nc5 25. Nd5 Rd7 26. Rc2 b6 27. f4
Re8 28. g4 g5 29. Kxh3 gxf4 30. g5 Nxe4 31. Kg4 Re5 32. Bxe4 Rxe4 33. Nxc7 Ra4
34. Nd5 f3+ 35. Kf5 Rd8 36. Re1 Rd4 37. Ne7+ Kf8 38. Nc6 Rd5+ 39. Kg4 Ra8 40. a4
a6 41. bxa6 Rxa6 42. Re4 Rc5 43. Rxc5 bxc5 44. Nb8 f2 45. Nxa6 f1=Q 46. Nb8 Qg2+
47. Kf5 Qh3+ 48. Rg4 Qf3+ 49. Rf4 Qb7 50. g6 Qxb8 51. Kg4 Qc8+ 52. Kh5 Qh3+ 53.
Kg5 Bh6+ 54. Kf6 Qe6# 0-1

[Event "66th ch-RUS HL w 2016"]
[Site "Kolomna RUS"]
[Date "2016.06.23"]
[Round "2.21"]
[White "Makarenko, Alexandra"]
[Black "Solozhenkina, Elizaveta"]
[Result "0-1"]
[WhiteTitle "WFM"]
[BlackTitle "WFM"]
[WhiteElo "2269"]
[BlackElo "2123"]
[WhiteFideId "4165055"]
[BlackFideId "34106615"]
[EventDate "2016.06.22"]

1. e4 c6 2. c4 d5 3. exd5 cxd5 4. cxd5 Nf6 5. Nc3 Nxd5 6. d4 Nc6 7. Nf3 Bg4 8.
Be2 e6 9. O-O Be7 10. Re1 Bf6 11. h3 Bh5 12. Ne4 O-O 13. Nxf6+ Nxf6 14. Be3 Rc8
15. Rc1 Nd5 16. g4 Bg6 17. h4 f5 18. Ng5 Qd6 19. Bc4 Na5 20. Bxd5 Qxd5 21. Rxc8
Rxc8 22. Bf4 Nc6 23. Nxe6 h6 24. Qb3 Qxb3 25. axb3 Nb4 26. h5 Bf7 27. gxf5 Bxh5
28. Be5 Bg4 29. Bxg7 Bxf5 30. Bxh6 Re8 31. Bd2 Nd3 32. d5 Nxe1 33. Bxe1 Bxe6 34.
dxe6 Rxe6 35. Bc3 Kf7 36. Kg2 Kg6 37. Kf3 Kf5 38. b4 b6 39. Bd4 Re4 40. Bc3 Re7
41. Bd4 Rh7 42. Ke3 Rh4 43. Kd3 Ke6 44. Kc4 Rf4 45. Kc3 Kd5 46. Be3 Rf3 47. Kd3
Rh3 48. Kc3 b5 49. Kd2 a6 50. Kd3 Ke5 51. Kc2 Ke4 52. Kd2 Rh1 53. Kc2 Rh7 54.
Kd2 Rc7 55. Bb6 Rc6 56. Be3 Rc8 57. Bb6 Rb8 58. Be3 Kf3 59. Kc3 Rd8 60. Bd4 Rd7
61. Bc5 Ke4 62. Be3 Rd5 63. Bb6 Rd3+ 64. Kc2 Rd6 65. Be3 Rc6+ 66. Kd2 Rc4 67.
Bc5 Kd5 68. b3 Rh4 69. Kc3 Rh3+ 70. Be3 Ke4 71. Kd2 Rh7 72. Kc3 Rc7+ 73. Kd2 Kf3
74. Kd3 Rd7+ 75. Kc3 Ke2 76. Bd4 Kf3 77. Be3 Ke4 78. Kc2 Rd3 79. Bb6 Rf3 80. Be3
Rh3 81. Kd2 Rh1 82. Kc3 Rf1 83. Ba7 Kf3 84. Be3 Rd1 85. Bc5 Ra1 86. Kb2 Rf1 87.
Kc3 Ke2 88. Kc2 Rd1 89. Be3 Rd6 90. Kc3 Rc6+ 91. Bc5 Kd1 92. Kb2 Kd2 93. Be3+
Kd3 94. Ka3 Kc2 95. Ka2 Rc3 96. Bc5 Rf3 97. Be3 Rh3 98. Bc5 Rxb3 99. f4 Rd3 100.
Be7 Rd7 101. Bf6 Ra7 102. Ka3 Rh7 103. Be5 Rh3+ 104. Ka2 Rf3 105. Bc7 Rb3 106.
Bd6 a5 107. bxa5 b4 108. Bxb4 Rxb4 109. Ka3 Rxf4 110. a6 Kc3 111. a7 Rf8 0-1

[Event "66th ch-RUS HL w 2016"]
[Site "Kolomna RUS"]
[Date "2016.06.23"]
[Round "2.22"]
[White "Lingur, Zalina"]
[Black "Mikhailova, Lubov"]
[Result "0-1"]
[WhiteTitle "WFM"]
[WhiteElo "2182"]
[BlackElo "2051"]
[WhiteFideId "34165670"]
[BlackFideId "4164296"]
[EventDate "2016.06.22"]

1. e4 c5 2. Nf3 e6 3. c4 Nc6 4. Be2 Qc7 5. Nc3 a6 6. d4 cxd4 7. Nxd4 Nf6 8. a3
Be7 9. Be3 O-O 10. O-O d6 11. Rc1 Ne5 12. f4 Ned7 13. Bf3 Rb8 14. b4 Kh8 15. Qe1
Nb6 16. Be2 e5 17. fxe5 dxe5 18. Nf5 Bxf5 19. Rxf5 Rbe8 20. c5 Nbd7 21. Nd5 Qc6
22. Nxe7 Rxe7 23. Bd3 Nxe4 24. a4 Ndf6 25. Qh4 Qd5 26. Bc2 Re6 27. Rcf1 Qc4 28.
Bxe4 Nxe4 29. Rxf7 Rg8 30. Rxb7 Qd3 31. Qh3 Rg6 32. Rd7 Qc2 33. b5 axb5 34. axb5
Qe2 35. b6 Ng3 36. hxg3 Qxe3+ 37. Rf2 Rf6 38. Rd2 Rxf2 39. Rxf2 Rf8 40. b7 Qxf2+
41. Kh2 Qxc5 42. Qd7 h6 43. Qa4 Qc7 44. Qa3 Rb8 45. Qf3 Qxb7 46. Qf5 e4 47. Qe5
Rf8 48. Qc5 Rf6 49. Qe5 Rf2 50. Kh3 Qf7 51. g4 Qb3+ 52. Kh4 Qe3 53. Qe8+ Kh7 54.
Qd7 Rf1 0-1

[Event "66th ch-RUS HL w 2016"]
[Site "Kolomna RUS"]
[Date "2016.06.23"]
[Round "2.23"]
[White "Mukhina, Jana"]
[Black "Gvanceladze, Anna"]
[Result "1/2-1/2"]
[BlackTitle "WFM"]
[WhiteElo "2017"]
[BlackElo "2179"]
[WhiteFideId "34115428"]
[BlackFideId "4113721"]
[EventDate "2016.06.22"]

1. e4 e5 2. Nf3 Nf6 3. Nxe5 d6 4. Nf3 Nxe4 5. d4 d5 6. Bd3 Nc6 7. Nc3 Bg4 8.
Nxe4 dxe4 9. Bxe4 Bxf3 10. Bxf3 Nxd4 11. Bxb7 Rb8 12. Be3 Bc5 13. Bxd4 Bxd4 14.
Bc6+ Kf8 15. O-O Bxb2 16. Rb1 Qf6 17. Qd7 g6 18. Qxc7 Kg7 19. Ba4 Be5 20. Qc4
Rhc8 21. Qe4 Bd4 22. Rxb8 Rxb8 23. Bb3 Rb5 24. g3 Rf5 25. Qe2 h5 26. h4 g5 27.
c3 Bb6 28. Bc2 Rf3 29. Kg2 Rxc3 30. hxg5 Qxg5 31. Qe4 Qg6 32. Qe5+ Qf6 33. Qxf6+
Kxf6 34. Bd1 Rc5 35. Rh1 Kg6 36. Rh4 Rd5 37. Bf3 Rd2 38. Be4+ f5 39. Bc6 Rxf2+
40. Kh3 Rxa2 41. Be8+ Kf6 42. Rxh5 Be3 43. g4 fxg4+ 44. Kxg4 a5 45. Rf5+ Kg7 46.
Rf7+ Kg8 47. Kf3 Bc5 48. Rf5 Ra3+ 49. Ke4 Bb4 50. Kd5 Ra1 51. Kc4 Re1 52. Ba4
Kg7 53. Rf3 Re4+ 54. Kd3 Rh4 55. Re3 Kf6 56. Re4 Rh3+ 57. Kc2 Ra3 58. Bd7 Ra1
59. Kb3 Rd1 60. Bg4 Rd3+ 61. Ka4 Bd2 62. Bc8 Rd5 63. Bg4 Bc3 64. Be6 Rd8 65. Bg4
Rd6 66. Bc8 Rc6 67. Bd7 Rc5 68. Re6+ Kf7 69. Re4 Rg5 70. Bc8 Rg1 71. Bd7 Ra1+
72. Kb3 Bb4 73. Kb2 Ra3 74. Be6+ Kf6 75. Bb3 Kf5 76. Rd4 Ke5 77. Rd1 a4 78. Bxa4
Rxa4 79. Kb3 1/2-1/2

[Event "66th ch-RUS HL w 2016"]
[Site "Kolomna RUS"]
[Date "2016.06.23"]
[Round "2.24"]
[White "Matiukova, Uliana"]
[Black "Ustich, Ekaterina"]
[Result "1/2-1/2"]
[WhiteElo "2179"]
[BlackElo "2007"]
[WhiteFideId "34100579"]
[BlackFideId "24179221"]
[EventDate "2016.06.22"]

1. d4 Nf6 2. c4 e6 3. Nc3 Bb4 4. e3 b6 5. Ne2 Ba6 6. a3 Bxc3+ 7. Nxc3 d5 8. b3
O-O 9. Be2 Bb7 10. O-O Nc6 11. a4 dxc4 12. Ba3 Re8 13. bxc4 Na5 14. Rc1 Qd7 15.
f3 Red8 16. Qc2 Rac8 17. Rfd1 Qe8 18. e4 c5 19. dxc5 bxc5 20. Rxd8 Qxd8 21. Rd1
Qe7 22. Nb5 Bc6 23. Qc3 Bxb5 24. axb5 Nb7 25. e5 Nd7 26. Bb2 Ra8 27. Ra1 Nb8 28.
f4 g6 29. Bf3 a5 30. Qe3 Ra7 31. Bxb7 Qxb7 32. Qxc5 Nd7 33. Qd4 a4 34. Ba3 Kg7
35. Rd1 h5 36. Rb1 Ra5 37. Bb4 Ra8 38. Ba3 Ra5 39. Rd1 Ra7 40. h3 Kh7 41. Qe3
Ra8 42. Rd6 Rc8 43. Qd4 Nb8 44. Rb6 Qa7 45. c5 Qe7 46. Rd6 Qh4 47. Qe3 Rc7 48.
c6 Kg7 49. Kh2 Rc8 50. g3 Qe7 51. b6 Qe8 52. c7 Na6 53. Qc3 Qb5 54. Rd8 Qxb6 55.
Bc5 Rxc7 56. Bxb6 Rxc3 57. Ra8 Nc5 1/2-1/2

[Event "66th ch-RUS HL w 2016"]
[Site "Kolomna RUS"]
[Date "2016.06.23"]
[Round "2.25"]
[White "Selifonova, Aleksandra"]
[Black "Chkhan, Viktoria"]
[Result "0-1"]
[BlackTitle "WFM"]
[WhiteElo "1980"]
[BlackElo "2164"]
[WhiteFideId "24115983"]
[BlackFideId "4123107"]
[EventDate "2016.06.22"]

1. e4 e6 2. d3 d5 3. Qe2 Be7 4. Nf3 Nf6 5. g3 O-O 6. Bg2 c5 7. O-O Nc6 8. e5 Nd7
9. c4 Nb6 10. Bf4 Qd7 11. Rd1 Rd8 12. Nbd2 a5 13. h4 a4 14. a3 Bf8 15. Rac1 Ra7
16. h5 Na8 17. Bg5 Re8 18. h6 g6 19. Nh2 Nd4 20. Qe3 Nf5 21. Qf4 f6 22. Bxf6
Bxh6 23. Bg5 Bg7 24. Ng4 b6 25. Nf6+ Bxf6 26. Bxf6 Nc7 27. Nf3 Rf8 28. Nh2 Ne8
29. Bg5 Nd4 30. Qe3 Bb7 31. Bh6 Rf7 32. Bf4 dxc4 33. dxc4 Bxg2 34. Kxg2 Qc6+ 35.
f3 h5 36. Qd3 Kg7 37. Rh1 Rad7 38. Qe3 Kg8 39. Qf2 Ng7 40. Bg5 Rf5 41. Qe3 Qc7
42. Bf6 Qc6 43. Qe4 Ne8 44. Ng4 Qxe4 45. fxe4 Rf3 46. Rcd1 Rh7 47. Nf2 Nxf6 48.
Rxd4 Rxf2+ 49. Kxf2 Ng4+ 50. Kf3 Rf7+ 51. Ke2 cxd4 52. Rd1 Rd7 53. Rf1 Kg7 54.
Rc1 Nxe5 55. c5 Rc7 56. b4 axb3 57. Rb1 bxc5 58. Rxb3 c4 59. Rb5 Kf6 60. Kd2 Ra7
61. Rb8 0-1

[Event "66th ch-RUS HL w 2016"]
[Site "Kolomna RUS"]
[Date "2016.06.24"]
[Round "3.1"]
[White "Ovod, Evgenija"]
[Black "Shuvalova, Polina"]
[Result "1/2-1/2"]
[WhiteTitle "IM"]
[BlackTitle "WFM"]
[WhiteElo "2338"]
[BlackElo "2409"]
[WhiteFideId "4131827"]
[BlackFideId "24171760"]
[EventDate "2016.06.22"]

1. d4 Nf6 2. Bg5 d5 3. e3 c5 4. Bxf6 exf6 5. Nc3 Nc6 6. Nge2 Be6 7. g3 cxd4 8.
exd4 Bd6 9. Bg2 Ne7 10. O-O a6 11. Qd2 Qc7 12. Nd1 h5 13. Ne3 h4 14. Qc3 Qd7 15.
f4 Rc8 16. Qb3 f5 17. Rac1 b5 18. a4 bxa4 19. Qa2 hxg3 20. hxg3 O-O 21. Nxd5
Bxd5 22. Bxd5 Bb4 23. Bc4 Qc6 24. Bd3 Bd2 25. Ra1 Be3+ 26. Kh2 g5 27. Qxa4 Qh6+
28. Kg2 g4 29. Rh1 Qd6 30. Rh2 Qd5+ 31. Kf1 Qf3+ 32. Ke1 Rc6 33. Qb4 Re8 34.
Rxa6 Kg7 35. Qa5 Rxa6 36. Bxa6 Ng6 37. d5 Bxf4 38. gxf4 g3 39. Rh3 Nxf4 40.
Rxg3+ Qxg3+ 41. Kd1 Nxe2 42. Bxe2 f4 43. d6 Qg1+ 44. Qe1 Qd4+ 45. Qd2 Qxd2+ 46.
Kxd2 Rd8 47. b4 Rxd6+ 48. Ke1 Kf6 49. c4 Ke5 50. c5 Re6 51. Kf2 Kd5 52. Bf3+ Kc4
53. c6 Re7 54. Bg4 Rc7 55. Bd7 Kxb4 56. Kf3 Kc5 57. Kxf4 Kd6 58. Kf5 Ke7 59. Ke5
Ra7 60. Kd5 Ra5+ 61. Ke4 Kd6 62. Kf4 Rc5 63. Ke4 Rc1 64. Kf5 Rf1+ 65. Ke4 Ke7
66. Ke5 Rc1 67. Kf5 Rc5+ 68. Ke4 Rc4+ 69. Kd5 Rc1 70. Ke5 Re1+ 71. Kf5 f6 72.
Kf4 Re5 73. Bf5 Kd6 74. Bd7 Kc7 75. Kg4 Kd6 76. Kf4 Re1 77. Kf5 Rf1+ 78. Ke4 1/2-1/2

[Event "66th ch-RUS HL w 2016"]
[Site "Kolomna RUS"]
[Date "2016.06.24"]
[Round "3.2"]
[White "Pustovoitova, Daria"]
[Black "Charochkina, Daria"]
[Result "1-0"]
[WhiteTitle "FM"]
[BlackTitle "IM"]
[WhiteElo "2297"]
[BlackElo "2359"]
[WhiteFideId "4182146"]
[BlackFideId "4180917"]
[EventDate "2016.06.22"]

1. d4 f5 2. c4 Nf6 3. Nc3 e6 4. e3 b6 5. Bd3 Bb7 6. f3 c5 7. Nge2 Nc6 8. O-O Bd6
9. d5 Ne5 10. e4 O-O 11. exf5 exd5 12. cxd5 Nxd3 13. Qxd3 Qc7 14. Kh1 Be5 15.
Rd1 c4 16. Qe3 Rae8 17. Qf2 Bxc3 18. Nxc3 Qe5 19. Qh4 Nxd5 20. Qxc4 Rxf5 21. Bd2
Rh5 22. h3 Qg3 23. Be1 Qg5 24. Ne4 Qe7 25. Bg3 Qe6 26. Kh2 Bc6 27. Re1 Rf8 28.
Rad1 h6 29. Nd6 Qg6 30. Re4 Kh7 31. Qd3 Rg5 32. Rg4 Rxg4 33. hxg4 Qxd3 34. Rxd3
Rf6 35. a3 a5 36. Be5 Re6 37. f4 g5 38. g3 h5 39. gxh5 Rh6 40. g4 Nxf4 41. Re3
Ng2 42. Re2 Bf3 43. Rxg2 Bxg2 44. Kxg2 Re6 45. Nf7 Kg8 46. h6 Rc6 47. Kf3 d5 48.
Ke3 Kh7 49. Bg7 Rc4 50. Nxg5+ Kg6 51. Nf3 Re4+ 52. Kd3 1-0

[Event "66th ch-RUS HL w 2016"]
[Site "Kolomna RUS"]
[Date "2016.06.24"]
[Round "3.3"]
[White "Bivol, Alina"]
[Black "Dordzhieva, Dinara"]
[Result "1-0"]
[WhiteTitle "WIM"]
[BlackTitle "WIM"]
[WhiteElo "2359"]
[BlackElo "2296"]
[WhiteFideId "4100123"]
[BlackFideId "24157570"]
[EventDate "2016.06.22"]

1. Nf3 d5 2. g3 Nf6 3. Bg2 e6 4. c4 d4 5. O-O c5 6. e3 Nc6 7. a3 a5 8. Re1 Be7
9. d3 O-O 10. exd4 cxd4 11. Bg5 h6 12. Bxf6 Bxf6 13. Nbd2 a4 14. c5 Qa5 15. Qc2
Be7 16. Rac1 Bd7 17. Ne4 b6 18. cxb6 Qxb6 19. Ned2 Qa6 20. Nc4 Rab8 21. Qe2 Bf6
22. Rc2 Na5 23. Nfd2 Nb3 24. Nxb3 Rxb3 25. Nd2 Rb6 26. Nc4 Rb3 27. Nd2 Rb6 28.
Nc4 Rb5 29. f4 Rfb8 30. Rec1 Rb3 31. Be4 Bb5 32. Qd2 g6 33. Na5 Bxd3 34. Nxb3
Rxb3 35. Rc6 Qb5 36. R1c5 Qxc5 37. Rxc5 Bxe4 38. Rc4 Rd3 39. Qe2 Bf5 40. g4 Re3
41. Qxe3 dxe3 42. gxf5 Bxb2 43. Rxa4 exf5 44. Ra8+ Kg7 45. a4 Kf6 46. a5 g5 47.
Kf1 Bd4 48. Rd8 Bc5 49. Rc8 Bd4 50. Rc4 1-0

[Event "66th ch-RUS HL w 2016"]
[Site "Kolomna RUS"]
[Date "2016.06.24"]
[Round "3.4"]
[White "Samdanova, Surena"]
[Black "Mirzoeva, Elmira"]
[Result "0-1"]
[BlackTitle "WGM"]
[WhiteElo "2060"]
[BlackElo "2344"]
[WhiteFideId "24136646"]
[BlackFideId "4127951"]
[EventDate "2016.06.22"]

1. e4 c6 2. d4 d5 3. e5 Bf5 4. h4 h5 5. Bd3 Bxd3 6. Qxd3 e6 7. Bg5 Qb6 8. Nd2
Qa6 9. Qf3 c5 10. Ne2 Nc6 11. c4 dxc4 12. d5 Nxe5 13. Qe4 Nd3+ 14. Kf1 f5 15.
Qe3 Nf6 16. dxe6 Be7 17. Kg1 O-O-O 18. Nf4 Ng4 19. Qf3 Bxg5 20. hxg5 Nxf4 21.
Qxf4 Qxe6 22. Qxc4 Qxc4 23. Nxc4 b5 24. Na3 a6 25. Rc1 Rd5 26. Rh3 Rhd8 27. Kf1
g6 28. Rhc3 Rd1+ 29. Rxd1 Rxd1+ 30. Ke2 Rd5 31. Nc2 Re5+ 32. Kf3 Kd7 33. Rd3+
Kc7 34. Rc3 h4 35. g3 h3 36. Ne3 Nxe3 37. fxe3 Kc6 38. Ra3 Kb6 39. Rd3 Kc7 40.
Ra3 Re6 41. Rc3 c4 42. Rc2 Re4 43. Rh2 Rg4 44. Rxh3 Rxg5 45. Rh7+ Kb6 46. Rg7 b4
47. Rg8 a5 48. Rb8+ Ka7 49. Rb5 Ka6 50. Rb8 Rg4 51. Ra8+ Kb5 52. Rb8+ Kc6 53.
Ra8 Kb6 54. Rb8+ Ka7 55. Rb5 Ka6 56. Rb8 Re4 57. Ra8+ Kb6 58. Rb8+ Ka7 59. Rb5
Ka6 60. Rb8 Re6 61. Ra8+ Kb5 62. Rb8+ Rb6 63. Rd8 Rc6 64. Ke2 b3 65. a3 c3 66.
Rb8+ Rb6 67. a4+ Kxa4 68. Rxb6 cxb2 69. Ke1 0-1

[Event "66th ch-RUS HL w 2016"]
[Site "Kolomna RUS"]
[Date "2016.06.24"]
[Round "3.5"]
[White "Maslova, Polina"]
[Black "Kovanova, Baira"]
[Result "1/2-1/2"]
[WhiteTitle "WFM"]
[BlackTitle "WGM"]
[WhiteElo "2249"]
[BlackElo "2382"]
[WhiteFideId "24178772"]
[BlackFideId "4164083"]
[EventDate "2016.06.22"]

1. e4 e5 2. Nf3 Nc6 3. Bb5 a6 4. Ba4 Nf6 5. O-O Be7 6. Re1 b5 7. Bb3 d6 8. c3
O-O 9. d3 Na5 10. Bc2 c5 11. Nbd2 Nc6 12. Nf1 Re8 13. h3 h6 14. Ng3 Be6 15. d4
cxd4 16. cxd4 exd4 17. Nxd4 Nxd4 18. Qxd4 Rc8 19. Bb3 d5 20. e5 Nd7 21. Nh5 Bc5
22. Qf4 Nf8 23. Nxg7 Ng6 24. Qxh6 Bf8 25. Nxe6 Rxe6 26. Qg5 Qxg5 27. Bxg5 Rxe5
28. Rxe5 Nxe5 29. Bxd5 Rc2 30. Re1 Nd7 31. Be4 Rxb2 32. Bf5 Bc5 33. Kh1 Nf8 34.
f3 Rxa2 35. h4 Bf2 36. Re4 Ra4 37. Rxa4 bxa4 38. Be7 a3 39. Bxa3 Bxh4 40. Bxf8
Kxf8 41. Kg1 1/2-1/2

[Event "66th ch-RUS HL w 2016"]
[Site "Kolomna RUS"]
[Date "2016.06.24"]
[Round "3.6"]
[White "Vasilevich, Tatjana"]
[Black "Korchagina, Alena"]
[Result "1-0"]
[WhiteTitle "IM"]
[BlackTitle "WFM"]
[WhiteElo "2367"]
[BlackElo "2091"]
[WhiteFideId "14101610"]
[BlackFideId "24173452"]
[EventDate "2016.06.22"]

1. d4 d5 2. c4 c6 3. Nf3 Nf6 4. e3 Bf5 5. Nc3 a6 6. Ne5 h6 7. Qb3 Ra7 8. cxd5
cxd5 9. Qa4+ Nbd7 10. f3 e6 11. g4 Bh7 12. h4 Ra8 13. Nd3 b5 14. Qb3 Qc7 15. Kf2
Rc8 16. a3 Be7 17. Bd2 O-O 18. Rc1 Qb8 19. Qd1 Nb6 20. g5 Ne8 21. f4 Kh8 22. Ne5
f6 23. Nf3 Nc4 24. Bxc4 bxc4 25. Na4 Nd6 26. Rg1 Ne4+ 27. Ke1 Qb3 28. Qxb3 cxb3
29. g6 Bg8 30. Ke2 Rc4 31. Nb6 Rxc1 32. Rxc1 e5 33. dxe5 fxe5 34. Nd7 Ng3+ 35.
Kf2 Ne4+ 36. Ke2 Ng3+ 37. Kf2 Ne4+ 38. Ke1 Nxd2 39. Kxd2 Re8 40. Ndxe5 a5 41.
Nf7+ Bxf7 42. gxf7 Rb8 43. Ne5 Bd6 44. Ng6+ Kh7 45. h5 a4 46. Rc6 Bf8 47. f5 d4
48. e4 d3 49. Nxf8+ Rxf8 50. Rc7 Re8 51. fxe8=B 1-0

[Event "66th ch-RUS HL w 2016"]
[Site "Kolomna RUS"]
[Date "2016.06.24"]
[Round "3.7"]
[White "Travkina, Anastasia"]
[Black "Schepetkova, Margarita"]
[Result "0-1"]
[WhiteTitle "WFM"]
[BlackTitle "WIM"]
[WhiteElo "2267"]
[BlackElo "2355"]
[WhiteFideId "24129151"]
[BlackFideId "4189949"]
[EventDate "2016.06.22"]

1. e4 c6 2. d4 d5 3. Nc3 dxe4 4. Nxe4 Bf5 5. Ng3 Bg6 6. Nh3 Nf6 7. Nf4 Nbd7 8.
Bc4 Nb6 9. Bb3 a5 10. Nxg6 hxg6 11. a3 e6 12. Qd3 Bd6 13. Bg5 Be7 14. c4 c5 15.
d5 exd5 16. cxd5 O-O 17. O-O Nfxd5 18. Bxe7 Nxe7 19. Qb5 c4 20. Bxc4 Nxc4 21.
Qxc4 Qb6 22. Qh4 Nd5 23. Ne4 Rad8 24. Rad1 Qxb2 25. Rd3 f6 26. Rh3 Rfe8 27. Nc5
Qb6 28. Nd3 Qb5 29. Qg4 Kf7 30. Rg3 Ne7 31. Nf4 Qf5 32. Qf3 Nd5 33. Nxd5 Qxf3
34. Rxf3 Rxd5 35. a4 Re4 36. Rb3 Rb4 37. Rxb4 axb4 38. Rb1 Rd4 39. Kf1 Ke6 40.
Ke2 Kd5 41. Ke3 Kc5 42. f4 f5 43. g3 b6 44. Rb3 Kc4 45. Rb1 Rd3+ 46. Ke2 b3 47.
Rb2 Rc3 48. Kd2 0-1

[Event "66th ch-RUS HL w 2016"]
[Site "Kolomna RUS"]
[Date "2016.06.24"]
[Round "3.8"]
[White "Baraeva, Marina"]
[Black "Gritsayeva, Oksana"]
[Result "1/2-1/2"]
[WhiteTitle "WIM"]
[BlackTitle "WFM"]
[WhiteElo "2216"]
[BlackElo "2336"]
[WhiteFideId "24142573"]
[BlackFideId "14104652"]
[EventDate "2016.06.22"]

1. d4 g6 2. Nf3 Bg7 3. Bf4 c5 4. c3 Qb6 5. Qb3 cxd4 6. Qxb6 axb6 7. cxd4 Nc6 8.
e3 Nb4 9. Kd2 Nf6 10. Nc3 d6 11. Bc4 Be6 12. Bxe6 fxe6 13. Rhc1 Kd7 14. h3 Nbd5
15. Nxd5 exd5 16. Ke2 Rhc8 17. a3 Ne4 18. Bh2 b5 19. Nd2 b4 20. Nxe4 dxe4 21.
Rxc8 Rxc8 22. Kd2 Rf8 23. Ke2 Ra8 24. f3 exf3+ 25. gxf3 Ra5 26. Bg3 Rg5 27. Bf2
bxa3 28. bxa3 Rb5 29. Kf1 Rb2 30. a4 Kc6 31. Rc1+ Kd7 32. Rc4 e6 33. Be1 Bh6 34.
Bf2 Bf8 35. Bg3 Be7 36. e4 Bg5 37. d5 exd5 38. Rd4 dxe4 39. Bxd6 Rb1+ 40. Kg2
exf3+ 41. Kxf3 Ke6 42. Bc7 Rb3+ 43. Kg2 Bf6 44. Rd6+ Ke7 45. Rd5 Ke6 46. Rd6+
Kf5 47. Rd7 h5 48. a5 Rb2+ 49. Kf3 g5 50. Rd5+ Ke6 51. Rd6+ Ke7 52. Rd3 Ke6 53.
Rd6+ Ke7 54. Rd3 Ke8 55. Ke4 Rb5 56. Bb6 Re5+ 57. Kf3 Be7 58. Rb3 Kd7 59. Bd4
Rxa5 60. Rxb7+ Ke6 61. Rb3 Kf5 62. Bb6 g4+ 63. hxg4+ hxg4+ 64. Kg2 Ra2+ 65. Kf1
Bh4 66. Bc7 Rf2+ 67. Kg1 Rc2 68. Bg3 Bf6 69. Rb4 Bg5 70. Ra4 Be3+ 71. Kf1 Rd2
72. Rc4 Rb2 73. Ra4 Bd2 74. Rc4 Rb3 75. Kg2 Be3 76. Rc2 Bd4 77. Ra2 Ke4 78. Re2+ 1/2-1/2

[Event "66th ch-RUS HL w 2016"]
[Site "Kolomna RUS"]
[Date "2016.06.24"]
[Round "3.9"]
[White "Severina, Maria"]
[Black "Khokhlova, Daria"]
[Result "0-1"]
[WhiteTitle "WIM"]
[WhiteElo "2330"]
[BlackElo "2214"]
[WhiteFideId "4116909"]
[BlackFideId "24182729"]
[EventDate "2016.06.22"]

1. Nf3 g6 2. d4 Bg7 3. e4 d6 4. c4 Nf6 5. Nc3 O-O 6. Be2 e5 7. O-O Qe8 8. d5
Nfd7 9. a3 f5 10. Ng5 Nf6 11. c5 h6 12. Ne6 Bxe6 13. dxe6 Qxe6 14. cxd6 cxd6 15.
exf5 gxf5 16. Nb5 Ne8 17. Bf3 e4 18. Bh5 Na6 19. Bxe8 Raxe8 20. Qxd6 Qxd6 21.
Nxd6 Re7 22. Nb5 b6 23. Bf4 Rd7 24. Rad1 Rxd1 25. Rxd1 Nc5 26. Rd6 Nd3 27. Bxh6
Bxh6 28. Rxh6 Rc8 29. g4 Rc1+ 30. Kg2 f4 31. Nd6 f3+ 32. Kg3 e3 33. Nf5 e2 0-1

[Event "66th ch-RUS HL w 2016"]
[Site "Kolomna RUS"]
[Date "2016.06.24"]
[Round "3.10"]
[White "Chkhan, Viktoria"]
[Black "Kovalevskaya, Ekaterina"]
[Result "0-1"]
[WhiteTitle "WFM"]
[BlackTitle "IM"]
[WhiteElo "2164"]
[BlackElo "2466"]
[WhiteFideId "4123107"]
[BlackFideId "4116704"]
[EventDate "2016.06.22"]

1. d4 Nf6 2. Nf3 c5 3. d5 g6 4. c4 b5 5. cxb5 a6 6. b6 d6 7. Nc3 Nbd7 8. e4 Rb8
9. Be2 Bg7 10. O-O O-O 11. Nd2 Nxb6 12. a4 Ne8 13. Qc2 Nc7 14. Re1 e6 15. a5 Nd7
16. Nc4 exd5 17. Nxd6 d4 18. Nd5 Nxd5 19. exd5 Ne5 20. Qxc5 Qh4 21. Qa3 d3 22.
Bd1 Bg4 23. Qa4 Qh5 24. Bf4 Rxb2 25. Ne4 d2 26. Bxd2 Bxd1 27. Raxd1 Nd3 28. Bc3
Nxe1 29. Bxb2 Bxb2 30. Rxe1 Qxd5 31. Rd1 Qh5 32. Rb1 Bg7 33. h3 Rd8 34. Ng3 Qe5
35. Nf1 h5 36. Rb6 Qe2 37. Rb1 Bd4 38. Ne3 Bxe3 39. fxe3 Qxe3+ 40. Kh1 Qd3 41.
Re1 Kg7 42. Qc6 Rd6 43. Qb7 Rd5 44. Qc7 Rf5 45. Qb6 Qd2 46. Ra1 Qc3 47. Rd1 Rxa5 0-1

[Event "66th ch-RUS HL w 2016"]
[Site "Kolomna RUS"]
[Date "2016.06.24"]
[Round "3.11"]
[White "Nechaeva, Marina"]
[Black "Chernyak, Viktoria"]
[Result "1-0"]
[WhiteTitle "IM"]
[BlackTitle "WFM"]
[WhiteElo "2425"]
[BlackElo "2196"]
[WhiteFideId "4149351"]
[BlackFideId "24165956"]
[EventDate "2016.06.22"]

1. d4 d5 2. c4 e6 3. Nc3 c6 4. e3 Nf6 5. Nf3 Nbd7 6. Qc2 Be7 7. Bd3 b6 8. O-O
Bb7 9. b3 Rc8 10. Bb2 Qc7 11. Rac1 Qb8 12. h3 O-O 13. Ne5 Rfd8 14. f4 dxc4 15.
bxc4 c5 16. Nxd7 Rxd7 17. d5 Rdd8 18. e4 exd5 19. Nxd5 Bxd5 20. exd5 h6 21. Bf5
Nd7 22. Qe2 Bf8 23. Qg4 Qc7 24. Rf3 Qd6 25. Rg3 f6 26. Qg6 Qxf4 27. Be6+ Kh8 28.
Qf7 1-0